Normal view
MARC view
Entry Topical Term
001 - CONTROL NUMBER
- control field: 32875
003 - CONTROL NUMBER IDENTIFIER
- control field: OSt
005 - DATE AND TIME OF LATEST TRANSACTION
- control field: 20220913113706.0
008 - FIXED-LENGTH DATA ELEMENTS
- fixed length control field: 220913|| aca||aabn | a|a d
040 ## - CATALOGING SOURCE
- Original cataloging agency: OSt
- Transcribing agency: OSt
150 ## - HEADING--TOPICAL TERM
- Topical term or geographic name entry element: The theory of representative bureaucracy, Symbolic representation, Female health outcomes, Intersectionality.
670 ## - SOURCE DATA FOUND
- Source citation: Work cat.: (OSt): Wright, Kenicia 32874, An application of the theory of representative bureaucracy, gender concordance, and symbolic representation in the health care context
